Korupce v ekonomické teorii a praxi
Saved in:
| Main Author: | |
|---|---|
| Format: | Book |
| Language: | Czech |
| Published: |
Praha
Profess Consulting
2007
|
| Series: | Cesta k finanční svobodě
|
| Subjects: | |
| Tags: |
No Tags, Be the first to tag this record!
|
MARC
| LEADER | 00000nam$a2200000$$$4500 | ||
|---|---|---|---|
| 001 | 0076335 | ||
| 005 | 20240226103216.3 | ||
| 020 | |a 978-80-7259-055-1 | ||
| 041 | 0 | |a cze | |
| 044 | |a CZ | ||
| 245 | 1 | 0 | |a Korupce v ekonomické teorii a praxi |c Jolana Volejníková |
| 264 | 1 | |a Praha |b Profess Consulting |c 2007 | |
| 300 | |a 390 s. | ||
| 490 | 1 | |a Cesta k finanční svobodě | |
| 830 | 0 | |a Cesta k finanční svobodě | |
| 610 | 2 | 0 | |a korupcia |
| 610 | 2 | 0 | |a teórie ekonomické |
| 610 | 2 | 0 | |a myslenie ekonomické |
| 610 | 2 | 0 | |a správa verejná |
| 610 | 2 | 0 | |a opatrenia |
| 610 | 2 | 0 | |a prevencia |
| 610 | 2 | 0 | |a organizácie medzinárodné |
| 610 | 2 | 0 | |a Česko |
| 100 | 1 | |a Volejníková, Jolana | |